| 000 | 07133nam a22006497a 4500 | ||
|---|---|---|---|
| 005 | 20090122114429.0 | ||
| 010 | _aB-329258-283 B-454782 | ||
| 020 |
_a9788179931448 _c185.00 |
||
| 035 | _aB-329258-283 B-454782 | ||
| 035 | _aB-359218 | ||
| 037 | _bTERI | ||
| 037 | _bBlue Berry/Ven | ||
| 082 | _a363.7282 | ||
| 100 |
_aAgarwal, Tanya Luther _946609 |
||
| 245 |
_aReduce reuse recycle / _cby Tanya Luther Agarwal ; edited by Madhu Singh Sirohi |
||
| 260 |
_aNew Delhi _bThe Energy and Resources Institute, TERI Press _c2008 |
||
| 270 |
_aDarbari Seth Block, IHC Complex, Lodhi Road _bNew Delhi _e110003 _k24682100/41504900 _l24682144/24682145 _mteripress@teri.res.in |
||
| 300 |
_a47p.: _bcol. ill. _c28cm. (Hb) |
||
| 490 |
_aSave planet earth / edited by Pallavi Sah _946610 |
||
| 500 | _aIncludes glossary and index | ||
| 650 |
_aRecycling (Waste etc.) _vJuvenile literature _946611 |
||
| 650 |
_aWaste minimization _vJuvenile literature _946612 |
||
| 650 |
_aSalvage _vJuvenile literature _946613 |
||
| 700 |
_aSirohi, Madhu Singh _946614 |
||
| 942 |
_2ddc _cCH _h363.7282 _mAGA |
||
| 999 |
_c22298 _d22298 |
||